Prognóza českého trhu multikín diplomová práca

Guardado en:
Detalles Bibliográficos
Autor principal: Galková, Mária
Autor Corporativo: Fakulta podnikového manažmentu EU. Katedra manažmentu
Otros Autores: Mišún, Juraj, 1978-
Formato: Libro
Lenguaje:eslovaco
Publicado: Bratislava 2015
Etiquetas: Agregar Etiqueta
Sin Etiquetas, Sea el primero en etiquetar este registro!

MARC

LEADER 00000nbm a2200000 4500
001 0201205
005 20161212100727.4
041 0 |a slo 
044 |a SK 
245 1 0 |a Prognóza českého trhu multikín  |b diplomová práca  |c Mária Galková ; školiteľ: Juraj Mišún 
264 1 |a Bratislava  |c 2015 
300 |a 61 s. 
100 1 |a Galková, Mária 
700 1 |a Mišún, Juraj, 1978- 
710 2 |a Fakulta podnikového manažmentu EU. Katedra manažmentu